00658nam a2200193Ia 4500008004100000020001800041082001800059100002500077245007000102250000800172260004100180300003200221500001900253600002000272650002000292942000700312952012800319999001700447240925s9999 xx 000 0 und d a9781118002742 a363.25963 BIE aBiegelman, Martin T. 0aFaces of Fraud: cases and lessons from a life fighting fraudsters a1st aNew York:bJohn Wiley & Sonsc,2013. aVarious pagesbNAfOriginal aIncludes Index aSocial Sciences aSocial Sciences cBK 001040708SSaUITUbUITUd2018-12-23eBook Stationg300.00l0o363.25963 BIEpQ12588r2024-09-25 07:16:33w2024-09-25yBK c15087d15087